|
|
|
|
| LEADER |
02046nam a22003734a 4500 |
| 001 |
44494 |
| 003 |
BD-DhAAL |
| 005 |
20250724164326.0 |
| 008 |
250723r20032002nyua 001 0 eng |
| 010 |
|
|
|a 2002002879
|
| 020 |
|
|
|a 0071386262
|
| 020 |
|
|
|a 9780070582545
|
| 020 |
|
|
|a 0070582548
|
| 035 |
|
|
|a 12686034
|
| 035 |
|
|
|a (DLC) 2002002879
|
| 035 |
|
|
|a (DLC)1968
|
| 040 |
|
|
|a DLC
|c DLC
|d DLC
|d BD-DhAAL
|
| 042 |
|
|
|a pcc
|
| 050 |
0 |
0 |
|a HF5681.B2
|b S3243 2002
|
| 082 |
0 |
0 |
|a 657.3
|2 21
|
| 100 |
1 |
|
|a Schilit, Howard Mark,
|d 1952-
|9 58835
|
| 245 |
1 |
0 |
|a Financial shenanigans /
|c Howard Schilit.
|
| 250 |
|
|
|a Second edition.
|
| 260 |
|
|
|a New York, N.Y. :
|b McGraw-Hill,
|c c2002 [Second reprint 2003].
|
| 300 |
|
|
|a vii, 296 pages :
|b illustrations ;
|c 24 cm.
|
| 500 |
|
|
|a Includes index.
|
| 505 |
0 |
|
|a You can fool some of the people all of the time -- Seek and ye shall find -- Searching for shenanigans -- Recording revenue too soon or of questionable quality -- Recording bogus revenue -- Boosting income with one-time gains -- Shifting expenses to a later (or earlier) period -- Failing to record (or eliminating) liabilities -- Shifting current revenue to a later or earlier period -- Shifting future expenses to current period -- Screening for shenanigans -- Analyzing financial reports : comprehensive checklist of warning signs -- Acquisition accounting tricks -- Revenue recognition issues -- History of financial shenanigans -- Leading the battle against shenanigans.
|
| 541 |
|
|
|a Donated by Farhana Zahir (Assistant Professor, BBS)
|e 44494
|
| 650 |
|
0 |
|a Misleading financial statements.
|9 58836
|
| 650 |
|
0 |
|a Fraud.
|9 58837
|
| 852 |
|
|
|a Ayesha Abed Library
|c General Stacks
|
| 942 |
|
|
|2 ddc
|c BK
|
| 999 |
|
|
|c 47352
|d 47352
|
| 952 |
|
|
|0 0
|1 0
|2 ddc
|4 0
|6 657_300000000000000_SCH
|7 0
|9 77902
|a BRACUL
|b BRACUL
|c GEN
|d 2025-07-23
|e Donated by Farhana Zahir (Assistant Professor, BBS.)
|l 0
|o 657.3 SCH
|p 3010044494
|r 2025-07-23
|t 1
|w 2025-07-23
|y BK
|x Donated by Farhana Zahir, Assistant Professor, BBS, BRAC University ; Price not available in the Book
|